000 00879 a2200217 4500
005 2008091702232.0
008 080917t xxu||||| |||| 00| 0 eng d
010 _aENG-87787
020 _a8188908118
_c655.00
035 _aEN-71320
037 _bDBAD / PUB
082 _a658.05
100 _aDutt, Dhruba Kumar
245 _aIndustrial management in India
_ba study in the early systems of management in Indian industries
_cby Dhruba Kumar Dutt
260 _aKolkata
_bPurple Peacock Books and Arts
_c2006
270 _aKetaki Dutt Paul, 3Fl, 119 Lake Terrace
_bKolkata
300 _a288 p.
_c22 cm ( Hb.)
500 _aincludes appendix
942 _adpl
_cEN
_k658.05/DUT
_2ddc
_h658.05
_mDUT
999 _c6997
_d6997